La zapatera prodigiosa / (Registro nro. 6552)
[ vista simple ]
| 000 -LEADER | |
|---|---|
| fixed length control field | 01074nam a22002777a 4500 |
| 003 - CONTROL NUMBER IDENTIFIER | |
| control field | OSt |
| 005 - DATE AND TIME OF LATEST TRANSACTION | |
| control field | 20221013120356.0 |
| 008 - FIXED-LENGTH DATA ELEMENTS--GENERAL INFORMATION | |
| fixed length control field | 200219s2010 sp ||||er|||| 001 1dspa d |
| 020 ## - INTERNATIONAL STANDARD BOOK NUMBER | |
| International Standard Book Number | 9788467034042 |
| 040 ## - CATALOGING SOURCE | |
| Original cataloging agency | CO-JMCR |
| Transcribing agency | CO-JMCR |
| 041 ## - LANGUAGE CODE | |
| Language code of text/sound track or separate title | spa |
| 082 04 - DEWEY DECIMAL CLASSIFICATION NUMBER | |
| Classification number | T / |
| Item number | LORz |
| 100 1# - MAIN ENTRY--PERSONAL NAME | |
| Personal name | Lorca García, Federico, |
| Relator term | autor |
| 9 (RLIN) | 725 |
| 245 13 - TITLE STATEMENT | |
| Title | La zapatera prodigiosa / |
| Statement of responsibility, etc. | Federico García Lorca ; edición de Joaquin Forradellas |
| 250 ## - EDITION STATEMENT | |
| Edition statement | Cuadragésima tercera edición |
| 260 ## - PUBLICATION, DISTRIBUTION, ETC. | |
| Place of publication, distribution, etc. | Barcelona : |
| Name of publisher, distributor, etc. | Austral, |
| Date of publication, distribution, etc. | 2010 |
| 300 ## - PHYSICAL DESCRIPTION | |
| Extent | 187 páginas ; |
| Dimensions | 19 cm. |
| 490 ## - SERIES STATEMENT | |
| Series statement | Contemporánea. Teatro ; |
| Volume/sequential designation | 126 |
| 500 ## - GENERAL NOTE | |
| General note | Datos biográficos del autor en página [5]. |
| 504 ## - BIBLIOGRAPHY, ETC. NOTE | |
| Bibliography, etc. note | Bibliografía: páginas 45-49. |
| 520 ## - SUMMARY, ETC. | |
| Summary, etc. | La zapatera prodigiosa es una farsa simple, de puro tono clásico, donde se describe un espíritu de mujer... y se hace, al mismo tiempo y de manera tierna, un apólogo del alma humana... |
| 650 14 - SUBJECT ADDED ENTRY--TOPICAL TERM | |
| Topical term or geographic name entry element | Tragedia |
| General subdivision | Teatro |
| 9 (RLIN) | 726 |
| 650 14 - SUBJECT ADDED ENTRY--TOPICAL TERM | |
| Topical term or geographic name entry element | Espíritu de la mujer |
| General subdivision | Teatro |
| 9 (RLIN) | 727 |
| 700 1# - ADDED ENTRY--PERSONAL NAME | |
| Personal name | Forradellas, Joaquín, |
| Relator term | editor |
| 9 (RLIN) | 728 |
| 942 ## - ADDED ENTRY ELEMENTS (KOHA) | |
| Source of classification or shelving scheme | Dewey Decimal Classification |
| Koha item type | Books |
| Withdrawn status | Lost status | Source of classification or shelving scheme | Damaged status | Not for loan | Home library | Current library | Shelving location | Date acquired | Source of acquisition | Cost, normal purchase price | Total Checkouts | Full call number | Barcode | Date last seen | Copy number | Price effective from | Koha item type |
|---|---|---|---|---|---|---|---|---|---|---|---|---|---|---|---|---|---|
| Dewey Decimal Classification | Biblioteca Pública José María del Castillo y Rada | Biblioteca Pública José María del Castillo y Rada | Processing Center | 12/19/2019 | Donación | 0.00 | T / LORz | 201809762 | 02/19/2020 | Ej.1 | 02/19/2020 | Books |